Beginning Shakespeare / (Record no. 248)

MARC details
000 -LEADER
fixed length control field 00646cam a2200205 4500
001 - CONTROL NUMBER
control field 280
005 - DATE AND TIME OF LATEST TRANSACTION
control field 20181127161106.0
008 - FIXED-LENGTH DATA ELEMENTS--GENERAL INFORMATION
fixed length control field 050621s2005 enk b 001 0 eng d
010 ## - LIBRARY OF CONGRESS CONTROL NUMBER
LC control number 2005298331
020 ## - INTERNATIONAL STANDARD BOOK NUMBER
International Standard Book Number 0719064228
International Standard Book Number 0719064236 (pbk.)
100 1# - MAIN ENTRY--PERSONAL NAME
Personal name Hopkins, Lisa,
Dates associated with a name 1962-
245 10 - TITLE STATEMENT
Title Beginning Shakespeare /
Statement of responsibility, etc. Lisa Hopkins.
260 ## - PUBLICATION, DISTRIBUTION, ETC.
Place of publication, distribution, etc. New Delhi:
Name of publisher, distributor, etc. Viva Books,
Date of publication, distribution, etc. 2010.
300 ## - PHYSICAL DESCRIPTION
Extent viii, 212 p. ;
Dimensions 21 cm.
490 1# - SERIES STATEMENT
Series statement Beginnings
504 ## - BIBLIOGRAPHY, ETC. NOTE
Bibliography, etc. note Includes bibliographical references and index.
600 10 - SUBJECT ADDED ENTRY--PERSONAL NAME
Personal name Shakespeare, William,
Dates associated with a name 1564-1616
General subdivision Criticism and interpretation
-- History.
830 #0 - SERIES ADDED ENTRY--UNIFORM TITLE
Uniform title Beginnings (Manchester, England)
Holdings
Withdrawn status Lost status Source of classification or shelving scheme Damaged status Not for loan Collection code Home library Current library Shelving location Date acquired Cost, normal purchase price Serial Enumeration / chronology Inventory number Full call number Barcode Date last seen Copy number Price effective from Koha item type Total Checkouts Date last checked out
    Dewey Decimal Classification     Main TEST RTC Library RTC Library Main opac 07/03/2022 250.00 2760 822.33 HOP 30000304 27/11/2018 1 27/11/2018 Main    
    Dewey Decimal Classification     Main TEST RTC Library RTC Library Main opac 07/03/2022 250.00 2761 822.33 HOP 30002062 05/06/2019 2 27/11/2018 Main 1 23/05/2019
Royal Thimphu College || All Right Reserved